01218nam a22002057a 450000500170000000800410001704000520005804100080011010000300011824501000014826000320024830000180028049000290029852004690032760000710079665000380086765000340090565000410093970000320098020260617145943.0260617t2015 |||||||| |||| 00| 0 spa d aCO-BoUCMbspacStefania BorbondStefania Borbon aspa aIturralde Blanco, Ignacio aMaquiavelo :bde príncipes, caciques y otros animales políticos /cIgnacio Iturralde Blanco aEspaña;bBatiscafo,c2015 a144 páginas aDescubrir la filosofía aMonografía que aborda el pensamiento, vida y contexto histórico de Nicolás Maquiavelo. Analiza su trayectoria como diplomático en la Florencia renacentista, sus misiones internacionales y la posterior estructuración de sus teorías sobre el poder, el Estado y la filosofía política. Discute la concepción de la moral de gobierno, el falso principio del fin justifica los medios y determina la naturaleza de su realismo político en la actualidad. aMaquiavelo, Nicolás,d1469-1527xPensamiento político y social 4aFilosofía políticaySiglo XVI 4aÉtica políticaySiglo XVI 4aJefes de EstadoxConducta política1 aGarcía, Nachoeilustrador